Sesalan Si Monyet

Bibliographic Details
Main Author: Mohd. Jaffri Mahidin
Format: Book
Published: Selangor : Pustaka Mawar , 2003
Series:Siri permata alam rimba
Subjects:

MARC

LEADER 00000cam a2200000 7i4500
001 0000063188
005 20030226.0
020 |a 9838753351 
090 0 0 |a JF   |b MOH 
100 0 |a Mohd. Jaffri Mahidin 
245 1 0 |a Sesalan Si Monyet   |c Mohd. Jaffri Mahidin 
260 |a Selangor :   |b Pustaka Mawar ,   |c 2003 
300 |a 30p. :   |b ill. ;   |c 19cm. 
490 0 |a Siri permata alam rimba 
650 0 0 |a Children's stories, Malay 
999 |a 00147235   |b BUKU   |c PINJAMAN   |e PERPUSTAKAAN KOMUNITI PETALING JAYA 
999 |a 00147236   |b BUKU   |c PINJAMAN   |e PERPUSTAKAAN KOMUNITI PETALING JAYA